Economía de la competencia imperfecta
Enregistré dans:
| Auteur principal: | |
|---|---|
| Format: | Livre |
| Langue: | espagnol |
| Publié: |
Barcelona
Martínez Roca
1973
|
| Édition: | 1a. ed |
| Collection: | Novocurso, 34
|
| Sujets: | |
| Tags: |
Ajouter un tag
Pas de tags, Soyez le premier à ajouter un tag!
|
MARC
| LEADER | 00000nam a2200000 a 4500 | ||
|---|---|---|---|
| 001 | UCK1364 | ||
| 003 | CL-VaPUC | ||
| 008 | 041112e19730000SP |||||||||||||||||spa|d | ||
| 020 | |a 8427001983 | ||
| 082 | 0 | 4 | |a 338.522 |b ROB |2 21 |
| 100 | 0 | |a Robinson, Joan |e author |9 489140 | |
| 245 | 1 | 0 | |a Economía de la competencia imperfecta |
| 250 | |a 1a. ed | ||
| 300 | |a 413 p | ||
| 942 | |c BK | ||
| 945 | |d 20041112 00:00:00 |a cmena | ||
| 260 | |a Barcelona |b Martínez Roca |c 1973 | ||
| 650 | 0 | |a Competencia económica |9 256096 | |
| 650 | 0 | |a Monopolios |9 255549 | |
| 650 | 0 | |a Precios |9 260787 | |
| 650 | 7 | |a DISCRIMINACION ECONOMICA |2 CL-VaPUC |9 316579 | |
| 583 | |a last modification |c 20041112 00:00:00 |k Rodrigo Vera | ||
| 490 | 0 | |a Novocurso, 34 | |
| 999 | |c 311335 |d 311333 | ||
| 952 | |0 0 |1 0 |4 0 |6 338_522000000000000_ROB_1973 |7 0 |8 A |9 380712 |a BIBGIM |b BIBGIM |d 2019-11-21 |i 4076648 |o 338.522 ROB 1973 |p 4076648 |r 2025-01-15 |w 2019-11-21 |y BK |k GIM | ||